Gải tích nhiều biến /
Giáo trình đặc biệt thích hợp cho sinh viên các ngành định hướng kỹ thuật.
Đã lưu trong:
| Tác giả chính: | |
|---|---|
| Định dạng: | Sách |
| Ngôn ngữ: | Vietnamese |
| Được phát hành: |
H. :
ĐHĐC,
1997
|
| Những chủ đề: | |
| Các nhãn: |
Thêm thẻ
Không có thẻ, Là người đầu tiên thẻ bản ghi này!
|
| Thư viện lưu trữ: | Thư viện Trường CĐ Kỹ Thuật Cao Thắng |
|---|
| LEADER | 00778nam a2200229 a 4500 | ||
|---|---|---|---|
| 001 | TVCDKTCT89949 | ||
| 003 | TVCĐKTCT | ||
| 005 | 20170228135023.1 | ||
| 008 | 170228syyyy vn | ||
| 980 | \ | \ | |a Thư viện Trường CĐ Kỹ Thuật Cao Thắng |
| 024 | |a RG_1 #1 eb0 i1 | ||
| 041 | 0 | # | |a vie |
| 082 | # | # | |a 515.7 |b G103T |
| 100 | 1 | # | |a Đỗ Công Khanh |
| 245 | 1 | 0 | |a Gải tích nhiều biến / |c Đỗ Công Khanh |
| 260 | # | # | |a H. : |b ĐHĐC, |c 1997 |
| 300 | |a 413tr. ; |c 20cm | ||
| 520 | # | # | |a Giáo trình đặc biệt thích hợp cho sinh viên các ngành định hướng kỹ thuật. |
| 541 | # | # | |a Mua |
| 650 | # | 4 | |a Toán học--Giải tích |
| 653 | # | # | |a Gải tích nhiều biến |
| 841 | # | # | |b Kho Sách |j 100040474 |